Dopravní obsluha území a její financování
Krátka charakteristika dopravného systému ČR. Vývoj požiadaviek na osobnú dopravu. Upresnenie špeciálnych aspektov na osobnú dopravu v regiónoch. Súvislosti trhových princípov a ich aplikácia na dopravné služby a ich integrácia v dopravnom systéme. Modely financovania verejnej osobnej dopravy. Parti...
Salvato in:
| Autore principale: | |
|---|---|
| Natura: | Capitolo di libro |
| Lingua: | ceco |
| Soggetti: | |
| Tags: |
Nessun Tag, puoi essere il primo ad aggiungerne!!
|
MARC
| LEADER | 00000naa$a2200000$$$4500 | ||
|---|---|---|---|
| 001 | 0021423 | ||
| 005 | 20220905081410.3 | ||
| 041 | 0 | |a cze | |
| 044 | |a SK | ||
| 245 | 1 | 0 | |a Dopravní obsluha území a její financování |c Jan Eisler |
| 520 | |a Krátka charakteristika dopravného systému ČR. Vývoj požiadaviek na osobnú dopravu. Upresnenie špeciálnych aspektov na osobnú dopravu v regiónoch. Súvislosti trhových princípov a ich aplikácia na dopravné služby a ich integrácia v dopravnom systéme. Modely financovania verejnej osobnej dopravy. Participácia štátu na dopravnej obslužnosti území. | ||
| 610 | 2 | 0 | |a politika dopravná |
| 610 | 2 | 0 | |a Česko |
| 610 | 2 | 0 | |a doprava |
| 610 | 2 | 0 | |a doprava verejná |
| 610 | 2 | 0 | |a doprava osobná |
| 610 | 2 | 0 | |a financovanie |
| 610 | 2 | 0 | |a služby dopravné |
| 610 | 2 | 0 | |a regióny |
| 610 | 2 | 0 | |a subvencie |
| 100 | 1 | |a Eisler, Jan | |